Central Library OPAC University of Rajshahi

The Dialogues of Plato / (Record no. 37780)

MARC details
000 -LEADER
fixed length control field 00766nam a2200253 a 4500
001 - CONTROL NUMBER
control field 37780
003 - CONTROL NUMBER IDENTIFIER
rucl marc code BD-RjUL
005 - DATE AND TIME OF LATEST TRANSACTION
control field 20211209052644.0
008 - FIXED-LENGTH DATA ELEMENTS--GENERAL INFORMATION
fixed length control field 150701s1953 enk 000 0 eng d
035 ## - SYSTEM CONTROL NUMBER
System control number (BD-RjUL)37885
System control number (OCoLC)26995443
040 ## - CATALOGING SOURCE
Original cataloging agency OCoLC
Language of cataloging eng
Transcribing agency OCoLC
Modifying agency BD-RjUL
041 1# - LANGUAGE CODE
Language code of text/sound track or separate title eng
Language code of original grc
082 00 - DEWEY DECIMAL CLASSIFICATION NUMBER
Classification number 184
Author mark and year PLD V-4 1953
100 0# - MAIN ENTRY--PERSONAL NAME
Personal name Plato.
9 (RLIN) 93862
245 14 - TITLE STATEMENT
Title The Dialogues of Plato /
Statement of responsibility, etc. Plato ; translated into English with analyses and introductions by B. Jowett.
Number of part/section of a work Volume IV
250 ## - EDITION STATEMENT
Edition statement 4th ed. rev.
260 ## - PUBLICATION, DISTRIBUTION, ETC. (IMPRINT)
Place of publication, distribution, etc. Oxford :
Name of publisher, distributor, etc. Clarendon Press,
Date of publication, distribution, etc. 1953.
300 ## - PHYSICAL DESCRIPTION
Pagination 657 p. ;
Size 23 cm.
650 #0 - SUBJECT ADDED ENTRY--TOPICAL TERM
Topical term or geographic name as entry element Philosophy, Ancient.
9 (RLIN) 93863
700 1# - ADDED ENTRY--PERSONAL NAME
Personal name Jowett, Benjamin,
Dates associated with a name 1817-1893.
942 ## - ADDED ENTRY ELEMENTS (KOHA)
Source of classification or shelving scheme Dewey Decimal Classification
Koha item type Books
Holdings
Lost status Source of classification or shelving scheme Damaged status Not for loan Collection code Permanent Location Current Location Shelving location Date acquired Source of acquisition Cost, normal purchase price Total Checkouts Full call number Date last seen Copy number Koha item type
  Dewey Decimal Classification     Non-fiction Central Library, University of Rajshahi Central Library, University of Rajshahi   04/03/1963 Zeitlinger 0.00   184 PLD V-4 1953 01/07/2015 C-2 Books